000 00541nam a2200217Ia 4500
003 OSt
005 20220924134906.0
006 a|||||r|||| 00| 0
007 ta
008 220923b |||||||| |||| 00| 0 ben d
024 _a287666
037 _cTextual
040 _aARTS
_cARTS
_bben
041 _2ben
_aben
082 _aLB(I), 157L0.1-.7
100 _aBhattacharya
245 0 _aChiranjeeb banav shadhi
260 _c1970
942 _hLB(I), 157L0.1-.7
_cTEXL
_2CC
999 _c438948
_d438948